Catálogo

History of art : (Registro nro. 25077)

Detalles MARC
000 -LEADER
fixed length control field 01178cam a2200313 i 4500
001 - CONTROL NUMBER
control field 25077
003 - CONTROL NUMBER IDENTIFIER
control field Mx-PuUPA
005 - DATE AND TIME OF LATEST TRANSACTION
control field 20250319122604.0
008 - FIXED-LENGTH DATA ELEMENTS--GENERAL INFORMATION
fixed length control field 140415s1969 nyuaoe fr 001 0 eng d
020 ## - INTERNATIONAL STANDARD BOOK NUMBER
International Standard Book Number 81090179X
040 ## - CATALOGING SOURCE
Original cataloging agency Mx-PuUPA
Language of cataloging spa
Transcribing agency Mx-PuUPA
Modifying agency Mx-PuUPA
Description conventions rda
041 0# - LANGUAGE CODE
Language code of text/sound track or separate title eng
100 1# - MAIN ENTRY--PERSONAL NAME
Personal name Janson, H. W.,
Fuller form of name (Horst Woldemar),
Dates associated with a name 1913-1982
Relator term autor
9 (RLIN) 16797
245 10 - TITLE STATEMENT
Title History of art :
Remainder of title a surver of the major visual arts from the dawn of history to the present day /
Statement of responsibility, etc. H.W. Janson with Dora Jane Janson
250 ## - EDITION STATEMENT
Edition statement Revised and enlarged
264 #1 - PRODUCTION, PUBLICATION, DISTRIBUTION, MANUFACTURE, AND COPYRIGHT NOTICE
Place of production, publication, distribution, manufacture New York :
Name of producer, publisher, distributor, manufacturer Harry N. Abrams,
Date of production, publication, distribution, manufacture, or copyright notice 1969
300 ## - PHYSICAL DESCRIPTION
Extent 616 páginas :
Other physical details ilustraciones, planos, fotografías (algunas a color) ;
Dimensions 30 cm
336 ## - CONTENT TYPE
Fuente rdacontent
Content type term texto
Content type code txt
336 ## - CONTENT TYPE
Fuente rdacontent
Content type term imagen fija
Content type code sti
337 ## - MEDIA TYPE
Source rdamedia
Media type term sin medio
Media type code n
338 ## - CARRIER TYPE
Source rdacarrier
Carrier type term volumen
Carrier type code nc
500 ## - GENERAL NOTE
General note Reimpresiones: (Seventeenth Printing, december, 1971)
650 #7 - SUBJECT ADDED ENTRY--TOPICAL TERM
Source of heading or term armarc
Topical term or geographic name entry element Arte
General subdivision Historia
700 1# - ADDED ENTRY--PERSONAL NAME
Personal name Janson, Dora Jane,
Relator term autor
942 ## - ADDED ENTRY ELEMENTS (KOHA)
Source of classification or shelving scheme Dewey Decimal Classification
Koha item type Libro
Classification part 709
Item part J33
Existencias
Withdrawn status Lost status Source of classification or shelving scheme Damaged status Not for loan Collection code Home library Current library Shelving location Date acquired Source of acquisition Cost, normal purchase price Total Checkouts Full call number Barcode Date last seen Cost, replacement price Price effective from Koha item type
    Dewey Decimal Classification     General Biblioteca Karol Wojtyla Biblioteca Karol Wojtyla Sala general 03/12/2013 Donación 0.00   709 J33 1969 46786 05/01/2026 0.00 03/12/2013 Libro